<?xml version="1.0" encoding="UTF-8"?>
<record
    xmlns:xsi="http://www.w3.org/2001/XMLSchema-instance"
    xsi:schemaLocation="http://www.loc.gov/MARC21/slim http://www.loc.gov/standards/marcxml/schema/MARC21slim.xsd"
    xmlns="http://www.loc.gov/MARC21/slim">

  <leader>01006nam a2200205 a 4500</leader>
  <controlfield tag="008">140630c20049999||||||||||||||||| ||    u</controlfield>
  <datafield tag="020" ind1=" " ind2=" ">
    <subfield code="a">9780471451372</subfield>
  </datafield>
  <datafield tag="050" ind1=" " ind2=" ">
    <subfield code="a">CD/QD 101.2 Chr</subfield>
  </datafield>
  <datafield tag="100" ind1=" " ind2=" ">
    <subfield code="a">Christian, Gary D</subfield>
  </datafield>
  <datafield tag="245" ind1="1" ind2="0">
    <subfield code="a">Analytical chemistry. -- 6th ed. [electronic resource]</subfield>
    <subfield code="c">Gary D. Christian</subfield>
    <subfield code="h">[cd-rom]</subfield>
  </datafield>
  <datafield tag="250" ind1=" " ind2=" ">
    <subfield code="a">6th ed.</subfield>
  </datafield>
  <datafield tag="260" ind1=" " ind2=" ">
    <subfield code="a">Hoboken, N.J.</subfield>
    <subfield code="b">John Wiley and Sons</subfield>
    <subfield code="c">2004</subfield>
  </datafield>
  <datafield tag="300" ind1=" " ind2=" ">
    <subfield code="a">CD-ROM</subfield>
  </datafield>
  <datafield tag="500" ind1=" " ind2=" ">
    <subfield code="a">Donated by Counsellor Kang'ombe (3). CD-ROM accompanies&#xA0;a&#xA0;text</subfield>
  </datafield>
  <datafield tag="650" ind1=" " ind2="0">
    <subfield code="a">CHEMISTRY--HANDBOOKS, MANUALS, ETC</subfield>
  </datafield>
  <datafield tag="650" ind1=" " ind2=" ">
    <subfield code="a">CHEMISTRY, ANALYTIC--QUANTITATIVE</subfield>
  </datafield>
  <datafield tag="995" ind1=" " ind2=" ">
    <subfield code="a">e-RESOURCES</subfield>
    <subfield code="e">20140047</subfield>
    <subfield code="F">CBU-MAIN LIBRARY (Kitwe)</subfield>
    <subfield code="j">CD/QD 101.2 Chr</subfield>
    <subfield code="M">1</subfield>
    <subfield code="U">AVAILABLE</subfield>
    <subfield code="W">Jun 30, 2014</subfield>
    <subfield code="y">20140047</subfield>
    <subfield code="Z">e-Media Collection</subfield>
  </datafield>
  <datafield tag="995" ind1=" " ind2=" ">
    <subfield code="a">e-RESOURCES</subfield>
    <subfield code="e">20140048</subfield>
    <subfield code="F">CBU-MAIN LIBRARY (Kitwe)</subfield>
    <subfield code="j">CD/QD 101.2 Chr</subfield>
    <subfield code="M">2</subfield>
    <subfield code="U">AVAILABLE</subfield>
    <subfield code="W">Jun 30, 2014</subfield>
    <subfield code="y">20140048</subfield>
    <subfield code="Z">e-Media Collection</subfield>
  </datafield>
  <datafield tag="995" ind1=" " ind2=" ">
    <subfield code="a">e-RESOURCES</subfield>
    <subfield code="e">20141162</subfield>
    <subfield code="F">CBU-MAIN LIBRARY (Kitwe)</subfield>
    <subfield code="j">CD/QD 101.2 Chr</subfield>
    <subfield code="M">3</subfield>
    <subfield code="U">AVAILABLE</subfield>
    <subfield code="W">May 5, 2016</subfield>
    <subfield code="y">20141162</subfield>
    <subfield code="Z">e-Media Collection</subfield>
  </datafield>
  <datafield tag="999" ind1=" " ind2=" ">
    <subfield code="c">83933</subfield>
    <subfield code="d">83933</subfield>
  </datafield>
  <datafield tag="952" ind1=" " ind2=" ">
    <subfield code="0">0</subfield>
    <subfield code="1">0</subfield>
    <subfield code="2">lcc</subfield>
    <subfield code="4">0</subfield>
    <subfield code="7">0</subfield>
    <subfield code="a">001</subfield>
    <subfield code="b">001</subfield>
    <subfield code="c">e-Media Collection</subfield>
    <subfield code="d">2024-01-08</subfield>
    <subfield code="l">0</subfield>
    <subfield code="o">CD/QD 101.2 Chr</subfield>
    <subfield code="p">20140047</subfield>
    <subfield code="r">2024-01-08</subfield>
    <subfield code="t">1</subfield>
    <subfield code="w">2024-01-08</subfield>
    <subfield code="y">007</subfield>
  </datafield>
  <datafield tag="952" ind1=" " ind2=" ">
    <subfield code="0">0</subfield>
    <subfield code="1">0</subfield>
    <subfield code="2">lcc</subfield>
    <subfield code="4">0</subfield>
    <subfield code="7">0</subfield>
    <subfield code="a">001</subfield>
    <subfield code="b">001</subfield>
    <subfield code="c">e-Media Collection</subfield>
    <subfield code="d">2024-01-08</subfield>
    <subfield code="l">0</subfield>
    <subfield code="o">CD/QD 101.2 Chr</subfield>
    <subfield code="p">20140048</subfield>
    <subfield code="r">2024-01-08</subfield>
    <subfield code="t">2</subfield>
    <subfield code="w">2024-01-08</subfield>
    <subfield code="y">007</subfield>
  </datafield>
  <datafield tag="952" ind1=" " ind2=" ">
    <subfield code="0">0</subfield>
    <subfield code="1">0</subfield>
    <subfield code="2">lcc</subfield>
    <subfield code="4">0</subfield>
    <subfield code="7">0</subfield>
    <subfield code="a">001</subfield>
    <subfield code="b">001</subfield>
    <subfield code="c">e-Media Collection</subfield>
    <subfield code="d">2024-01-08</subfield>
    <subfield code="l">0</subfield>
    <subfield code="o">CD/QD 101.2 Chr</subfield>
    <subfield code="p">20141162</subfield>
    <subfield code="r">2024-01-08</subfield>
    <subfield code="t">3</subfield>
    <subfield code="w">2024-01-08</subfield>
    <subfield code="y">007</subfield>
  </datafield>
</record>
